000 00623nam a22002177a 4500
003 URS
005 20250828100511.0
008 250402b ||||| |||| 00| 0 eng d
020 _a9789719581802
040 _cURS
050 _aBD111
_b.P184 2013
100 1 _97270
_aPalmiano, Dariel A.
245 _aPhilosophy of the being human and being a person
264 _aCamarines Sur
_bPrince Chariel Publishing
_c©2013
300 _a288 pages.,:
_c21 cm.
336 _2rdacontent
_atext
337 _2rdamedia
_aunmediated
338 _2rdacarrier
_avolume
650 0 _95878
_aPhilosophical anthropology
942 _2lcc
_cF
999 _c85004
_d85002